<?xml version="1.0" encoding="UTF-8"?>
<record
    xmlns:xsi="http://www.w3.org/2001/XMLSchema-instance"
    xsi:schemaLocation="http://www.loc.gov/MARC21/slim http://www.loc.gov/standards/marcxml/schema/MARC21slim.xsd"
    xmlns="http://www.loc.gov/MARC21/slim">

  <leader>02394    a2200241   4500</leader>
  <controlfield tag="001">44886</controlfield>
  <controlfield tag="005">20260407155723.0</controlfield>
  <controlfield tag="008">260407a2016    arg                 spa d</controlfield>
  <controlfield tag="003">AR-UNSa-BCEJYS</controlfield>
  <datafield tag="040" ind1=" " ind2=" ">
    <subfield code="a">AR-UNSa-BCEJYS</subfield>
    <subfield code="b">spa</subfield>
    <subfield code="c">AR-UNSa-BCEJYS</subfield>
  </datafield>
  <datafield tag="080" ind1=" " ind2=" ">
    <subfield code="a">331.101.26</subfield>
    <subfield code="x">Econom&#xED;a del trabajo</subfield>
  </datafield>
  <datafield tag="245" ind1="1" ind2="0">
    <subfield code="a">Caminos al trabajo</subfield>
    <subfield code="p">el mundo laboral de los j&#xF3;venes durante la &#xFA;ltima etapa del gobierno kirchnerista</subfield>
  </datafield>
  <datafield tag="020" ind1=" " ind2=" ">
    <subfield code="a">978-84-16467-43-3</subfield>
  </datafield>
  <datafield tag="264" ind1=" " ind2="1">
    <subfield code="a">Buenos Aires :</subfield>
    <subfield code="b">CONICET</subfield>
    <subfield code="c">2016</subfield>
  </datafield>
  <datafield tag="300" ind1=" " ind2=" ">
    <subfield code="a">202 p.</subfield>
    <subfield code="c">23 cm.</subfield>
  </datafield>
  <datafield tag="505" ind1=" " ind2=" ">
    <subfield code="a">1.	M&#xE1;s y mejor empleo, m&#xE1;s y mayores desigualdades intergeneracionales. Un an&#xE1;lisis de la din&#xE1;mica general del empleo joven en la posconvertibilidad / Camila Deleo y Mariana Fern&#xE1;ndez Massi &#x2013; 2. J&#xF3;venes, trabajo y desigualdades de g&#xE9;nero en Argentina (2003- 2014) / Pablo P&#xE9;rez &#x2013; 3. Estrategias de b&#xFA;squeda de empleo y trayectorias laborales de j&#xF3;venes argentinos / Camila Deleo y Pablo P&#xE9;rez &#x2013; 4. La precariedad laboral en el ingreso al mundo del trabajo y sus dispositivos de reproducci&#xF3;n y profundizaci&#xF3;n de desigualdades sociales / Mariana Busso &#x2013; 5. &#x201C;Volver a la escuela&#x201D;. Disposiciones educativas de j&#xF3;venes estudiantes del Plan FinEs2 en un barrio popular del gran La Plata / Federico Mart&#xED;n Gonz&#xE1;lez &#x2013; 6. Definir la juventud a la luz de los momentos de decisiones y de los m&#xE9;todos longitudinales / Mar&#xED;a Eugenia Longo &#x2013; 7. Saberes laborales y disposiciones sociales. Capital cultural y estrategias de inserci&#xF3;n laboral entre j&#xF3;venes varones de clases populares de Gran C&#xF3;rdoba / Gonzalo Assusa &#x2013; 8. Sentidos comunes detr&#xE1;s de pol&#xED;ticas estatales destinadas a j&#xF3;venes en la etapa Kirchnerista. Un an&#xE1;lisis discursivo del programa J&#xF3;venes con M&#xE1;s y Mejor Trabajo y el nuevo sistema de pasant&#xED;as / Marina Adamini y Brenda Brown &#x2013; 9. Ni h&#xE9;roes ni ap&#xE1;ticos. Elementos para pensar la participaci&#xF3;n de los j&#xF3;venes en las organizaciones sindicales / Anabel Beliera y Julieta Longo &#x2013; 10. J&#xF3;venes militantes del sindicalismo peronista en La Plata: entre la familia, la escuela, el trabajo y los momentos hist&#xF3;ricos / Mariana Chaves y Carlos Galimberti</subfield>
  </datafield>
  <datafield tag="041" ind1=" " ind2=" ">
    <subfield code="a">spa</subfield>
  </datafield>
  <datafield tag="942" ind1=" " ind2=" ">
    <subfield code="c">BK</subfield>
  </datafield>
  <datafield tag="590" ind1=" " ind2=" ">
    <subfield code="a">niveau_biblio:m niveau_hierar:0</subfield>
  </datafield>
  <datafield tag="100" ind1="1" ind2=" ">
    <subfield code="a">Busso, Mariana</subfield>
  </datafield>
  <datafield tag="700" ind1="1" ind2=" ">
    <subfield code="a">P&#xE9;rez, Pablo</subfield>
  </datafield>
  <datafield tag="856" ind1="4" ind2="1">
    <subfield code="u">https://www.biblioeco.unsa.edu.ar/pmb/images/libros/L127017.jpg</subfield>
    <subfield code="y">Imagen de portada</subfield>
    <subfield code="q">image/jpeg</subfield>
  </datafield>
  <datafield tag="999" ind1=" " ind2=" ">
    <subfield code="c">3835</subfield>
    <subfield code="d">3835</subfield>
  </datafield>
  <datafield tag="952" ind1=" " ind2=" ">
    <subfield code="0">0</subfield>
    <subfield code="1">0</subfield>
    <subfield code="4">0</subfield>
    <subfield code="7">0</subfield>
    <subfield code="a">BCEJYS</subfield>
    <subfield code="b">BCEJYS</subfield>
    <subfield code="c">16</subfield>
    <subfield code="d">2026-04-07</subfield>
    <subfield code="l">0</subfield>
    <subfield code="o">331.101.26 B981</subfield>
    <subfield code="p">L127017</subfield>
    <subfield code="r">2026-04-07 15:57:23</subfield>
    <subfield code="w">2026-04-07</subfield>
    <subfield code="y">L</subfield>
  </datafield>
</record>
